[Event "CZE-ch 2020"]
[Site "Pilsen"]
[Date "2020.08.30"]
[Round "8.34"]
[White "Joukl, Zdenek"]
[Black "Nemcova, Karin"]
[Result "0-1"]
[WhiteElo "2062"]
[BlackElo "1983"]
[Annotator "TA"]
[PlyCount "116"]
[EventDate "2020.08.23"]
[EventType "swiss"]
[EventCountry "CZE"]
[SourceTitle "playchess.com"]
[Source "ChessBase"]
[SourceQuality "1"]

{[%evp 15,116,0,46,41,45,-10,42,27,23,17,12,21,94,97,94,89,91,100,114,117,126,112,122,122,132,136,158,124,149,132,117,108,127,93,170,156,170,126,174,37,37,34,35,37,35,0,0,0,0,-8,-12,-20,-18,-47,-62,-112,-55,-59,0,0,0,-48,-53,-132,-19,-431,-471,-476,-456,-424,-471,-401,-387,-690,-667,-619,-616,-421,-87,-77,-77,-43,-37,-96,-89,-2126,-1810,-4588,-2106,-1903,-1896,-5065,-2593,-6605,-5700,-5728,-5616,-12793,-12787,-6593,-5206,-6535,-4610]} 1. c4 c5 2. Nc3 Nc6 3. g3 g6 4. Bg2 Bg7 5. e4 e6 6. Nge2 Nge7 7. O-O O-O 8. d3 Nd4 9. Nxd4 {A36: Symmetrical English vs ...g6: 4 Bg2 Bg7.} cxd4 10. Ne2 (10. Nb5 $14) 10... d5 ({Black should play} 10... d6 $11) 11. cxd5 {White is slightly better.} exd5 12. exd5 Nxd5 13. Nf4 {[#]} Be6 $146 (13... Nb4 $11) ({Predecessor:} 13... Nb4 14. Bd2 Nc6 15. b4 Ne5 16. h3 Rb8 17. Qb3 b6 18. Rfe1 Bb7 19. Nd5 Kh8 {1-0 (66) Lie,K (2388)-Westerinen,H (2412) Gausdal 2002}) 14. Nxe6 $16 fxe6 15. Qe2 Qd6 16. Bd2 Rac8 17. Rac1 b6 18. Rfe1 Rxc1 19. Rxc1 a5 20. a3 Re8 21. Qd1 Rf8 22. Qc2 Qe5 23. Re1 Qf5 24. Re2 Nf6 (24... Kh8 $16) 25. Qb3 Kh8 26. h3 e5 27. Qb5 (27. g4 $18 a4 28. Qb5 (28. gxf5 axb3 29. Rxe5 Nd7 $16)) 27... e4 $1 $14 28. Qxf5 (28. Qxb6 exd3 29. Re1 Nd5 $19) 28... gxf5 29. dxe4 d3 30. Re1 Nxe4 31. Bxe4 fxe4 $11 {[%mdl 4096] Endgame KRB-KRB} 32. b4 axb4 33. axb4 Re8 34. Kf1 Bd4 35. b5 Kg7 (35... Bc5 $17 36. Be3 Kg7) 36. Be3 $1 $15 {[%cal Re3d4]} Rd8 {[#] Strongly threatening ...Bxe3.} 37. Bd2 Re8 38. Be3 $1 {[%cal Re3d4]} Bc5 39. g4 (39. Rc1 $1 $15) 39... Re5 ({Better is} 39... Ra8 $17 {White must now prevent ...Bxe3.} 40. h4 (40. Bxc5 $2 bxc5 41. Rc1 Rd8 $19) 40... Kf7) 40. Kg2 $2 {[%mdl 8192] [#]} (40. f3 $1 $11 {and White stays safe.}) 40... Bxe3 $19 41. fxe3 Rxb5 {KR-KR} 42. Kg3 Kf6 43. Kf4 Re5 44. h4 $2 (44. Rf1 b5 45. Rb1) 44... b5 45. g5+ Ke6 46. h5 Rf5+ $2 (46... Kd5 $19 {and Black stays clearly on top. And now ...Re8 would win.} 47. g6 hxg6 48. hxg6 Re8) 47. Kxe4 $17 Rxg5 48. Kxd3 Rxh5 49. Kd4 (49. Ra1 $15) 49... Rd5+ 50. Ke4 $2 {[%mdl 8192]} (50. Kc3 $17) 50... b4 $19 {Black is clearly winning.} 51. Rb1 Rb5 52. Rb3 h5 53. Kd4 h4 54. e4 Rb8 55. e5 Rg8 56. Kc5 Kxe5 57. Kc6 Rg4 58. Kc5 Rf4 {Never resign too early! Accuracy: White = 47%, Black = 73%.} 0-1

[Event "CZE-ch 2020"]
[Site "Pilsen"]
[Date "2020.08.30"]
[Round "8.35"]
[White "Taus, Martin"]
[Black "Babula ml., Vlastimil"]
[Result "1-0"]
[WhiteElo "2142"]
[BlackElo "2138"]
[Annotator "TA"]
[PlyCount "111"]
[EventDate "2020.08.23"]
[EventType "swiss"]
[EventCountry "CZE"]
[SourceTitle "playchess.com"]
[Source "ChessBase"]
[SourceQuality "1"]

{[%evp 15,111,19,33,30,74,62,99,87,93,88,90,89,140,136,212,173,304,290,308,287,485,477,489,463,463,452,432,362,391,345,556,499,805,758,672,666,632,571,529,282,291,283,271,262,348,326,412,375,507,428,373,309,309,284,326,282,281,262,298,182,383,368,471,509,509,503,485,475,623,623,643,630,627,624,640,628,968,934,799,772,958,958,879,717,736,711,829,978,931,914,29985,29986,29986,29987,29987,29988,29988,29981]} 1. d4 Nf6 2. g3 g6 3. Bg2 Bg7 4. e4 d6 5. Ne2 O-O 6. Nbc3 e5 7. h3 Nbd7 8. Be3 exd4 9. Bxd4 {B07: Pirc Defence: Miscellaneous Systems.} c5 10. Be3 Ne5 11. b3 {White is better.} Be6 {[#]} 12. O-O $146 ({Predecessor:} 12. f4 Nc6 13. g4 Re8 14. Qd2 Nxe4 15. Bxe4 d5 16. f5 Bd7 17. Bxd5 Nd4 18. O-O-O Nxe2+ 19. Nxe2 {1-0 (25) Tsilidis,A (2315)-Klokas,K (2073) Nikea 2003}) 12... Nc6 13. Qd2 Re8 ({Black should try} 13... Ne8) 14. Rad1 $16 Bf8 (14... Qd7 $16) 15. f4 $18 Qc8 {[#]} (15... Bd7 $142 16. g4 c4) 16. f5 $1 {[%mdl 512]} gxf5 17. Bh6 Bxh6 $2 (17... f4) 18. Qxh6 {Qg5+ is the strong threat.} Qd8 19. exf5 Bc8 20. g4 Kh8 21. g5 Ng8 22. Qh5 Ne5 $2 (22... Re5 23. Ng3 Nd4 24. Qxf7 Qxg5) 23. Rf4 Kg7 (23... c4 $142 24. bxc4 a6) 24. f6+ Kh8 {[#]} 25. Be4 $1 {[%csl Ge4][%cal Rh5h7][%mdl 512]} h6 26. Nd5 Be6 27. Ne7 Rxe7 28. fxe7 Qxe7 29. Rf6 {And now Rxh6+ would win.} ({Don't do} 29. gxh6 $6 f5 $16) 29... Qf8 30. Rf2 ({Weaker is} 30. Bxb7 Rb8 $16) 30... Qg7 31. Rg2 Rd8 32. gxh6 Qxh6 33. Qxh6+ Nxh6 34. Nf4 Bc8 35. Rgd2 Nf5 36. Kf2 Nd4 37. a4 f5 $2 (37... Re8 38. c3 Nc4 39. bxc4 Rxe4) 38. Bd5 Kg7 39. c3 Ndc6 40. Bxc6 Nxc6 41. Rxd6 Rh8 42. R1d5 Re8 43. Rxc5 Re4 44. Rc4 Rxc4 45. bxc4 {[%mdl 4096] Endgame KRN-KBN} Kf7 46. h4 Ne5 47. h5 Bd7 48. a5 Bc6 49. Rd4 Kf6 50. Kg3 a6 51. Rd6+ Kg7 52. Re6 Nxc4 53. h6+ {White mates.} Kh7 54. Nh3 Nd2 55. Ng5+ Kh8 56. Kf4 {Black got outplayed after the opening. Accuracy: White = 82%, Black = 31%.} 1-0

[Event "CZE-ch 2020"]
[Site "Pilsen"]
[Date "2020.08.30"]
[Round "8.36"]
[White "Jezek, Jan"]
[Black "Placer, Sebastian"]
[Result "0-1"]
[WhiteElo "2162"]
[BlackElo "2097"]
[Annotator "NA"]
[PlyCount "60"]
[EventDate "2020.08.23"]
[EventType "swiss"]
[EventCountry "CZE"]
[SourceTitle "playchess.com"]
[Source "ChessBase"]
[SourceQuality "1"]
[TimeControl "40/5400+30:1800+30"]

1. e4 e6 2. d3 {[%emt 0:00:00]} d5 {[%emt 0:00:00]} 3. Nd2 {[%emt 0:00:03]} Nf6 {[%emt 0:00:04]} 4. Ngf3 {[%emt 0:00:32]} c5 {[%emt 0:00:23]} 5. Be2 {[%emt 0:00:39]} Nc6 {[%emt 0:00:07]} 6. c3 {[%emt 0:01:17]} Be7 {[%emt 0:00:15]} 7. O-O {[%emt 0:00:23]} O-O {[%emt 0:00:11]} 8. Re1 {[%emt 0:00:46]} Qc7 {[%emt 0:00:35]} 9. Bf1 {[%emt 0:02:55]} Rd8 {[%emt 0:01:07]} 10. Qc2 {[%emt 0:03:36]} b6 {[%emt 0:00:29]} 11. a3 {[%emt 0:00:55]} Ba6 {[%emt 0:03:39]} 12. b3 {[%emt 0:06:40]} dxe4 {[%emt 0:01:30]} 13. dxe4 {[%emt 0:02:21]} Bxf1 {[%emt 0:00:06]} 14. Nxf1 {[%emt 0:00:57]} Ng4 {[%emt 0:02:52]} 15. Bg5 {[%emt 0:09:14]} Bxg5 {[%emt 0:06:20]} 16. Nxg5 {[%emt 0:00:10]} Nge5 {[%emt 0:01:15]} 17. Ne3 {[%emt 0:11:06]} h6 {[%emt 0:01:23]} 18. Nh3 $17 {[%emt 0:00:24]} c4 {[%emt 0:03:56]} 19. b4 {[%emt 0:09:20]} Nd3 {[%emt 0:03:10]} 20. Red1 {[%emt 0:00:40]} b5 {[%emt 0:00:54]} 21. Qe2 {[%emt 0:04:22]} Qe5 {[%emt 0:04:50]} 22. a4 {[%emt 0:12:42]} a6 {[%emt 0:00:38]} 23. axb5 {[%emt 0:00:18]} axb5 {[%emt 0:00:06]} 24. Rxa8 {[%emt 0:00:10]} Rxa8 {[%emt 0:00:01]} 25. Rxd3 {[%emt 0:00:19]} cxd3 {[%emt 0:00:14]} 26. Qxd3 {[%emt 0:00:06]} Ra1+ {[%emt 0:00:25]} 27. Nf1 {[%emt 0:00:06]} Rc1 {[%emt 0:00:41]} 28. Qd7 {[%emt 0:02:36]} Qxe4 {[%emt 0:04:03]} 29. Qe8+ Kh7 {[%emt 0:00:00]} 30. Qxf7 {[%emt 0:04:40]} Qe2 0-1

[Event "CZE-ch 2020"]
[Site "Pilsen"]
[Date "2020.08.31"]
[Round "9.1"]
[White "Navara, David"]
[Black "Malinovsky, Karel"]
[Result "1-0"]
[WhiteElo "2719"]
[BlackElo "2474"]
[Annotator "TA"]
[PlyCount "37"]
[EventDate "2020.08.23"]
[EventType "swiss"]
[EventCountry "CZE"]
[SourceTitle "playchess.com"]
[Source "ChessBase"]
[SourceQuality "1"]

{[%evp 1,1,7]} 1. e4 {Not much happened in this game.} {Predecessor:} c5 2. Nf3 d6 3. d4 cxd4 4. Nxd4 Nf6 5. Nc3 a6 6. Be3 {B90: Sicilian Najdorf: Unusual White 6th moves, 6 Be3 Ng4 and 6 Be3 e5.} e5 7. Nb3 Be6 8. Qd2 Be7 9. f3 h5 10. Be2 Nbd7 11. Nd5 Bxd5 12. exd5 b6 13. O-O-O Qc7 14. Kb1 b5 15. Na5 Nb6 16. Bxb6 Qxb6 17. Nc6 Bd8 18. c4 bxc4 19. Bxc4 {1-0 (55) Carlsen,M (2863)-Ding,L (2791) chess24.com INT 2020} 1-0

[Event "CZE-ch 2020"]
[Site "Pilsen"]
[Date "2020.08.31"]
[Round "9.2"]
[White "Hracek, Zbynek"]
[Black "Nguyen, Thai Dai Van"]
[Result "1/2-1/2"]
[WhiteElo "2563"]
[BlackElo "2569"]
[Annotator "TA"]
[PlyCount "61"]
[EventDate "2020.08.23"]
[EventType "swiss"]
[EventCountry "CZE"]
[SourceTitle "playchess.com"]
[Source "ChessBase"]
[SourceQuality "1"]

{[%evp 16,61,16,22,23,0,0,0,0,-4,-4,-4,-4,-8,0,-16,-10,-13,-4,-5,0,0,0,-1,-1,-2,-1,-5,0,0,0,0,0,-9,0,-7,0,-3,0,0,0,0,0,0,0,0,0,0]} 1. e4 e5 2. Nf3 Nc6 3. Bb5 Nf6 4. O-O Nxe4 5. Re1 Nd6 6. Nxe5 Be7 7. Bf1 Nxe5 8. Rxe5 O-O 9. d4 Ne8 {C67: Ruy Lopez: Berlin Defence: 4 0-0 Nxe4.} 10. Re1 d5 {The position is equal.} 11. Bf4 Bd6 12. Bxd6 Nxd6 13. Nd2 c6 14. c3 Bf5 15. Qf3 {[#]} Qd7 $146 ({Predecessor:} 15... Re8 16. Bd3 Qg5 {½-½ (16) Andriasian,Z (2611)-Petrosian,T (2601) Yerevan 2020}) 16. Bd3 Rae8 17. Bxf5 Qxf5 18. Qxf5 Nxf5 19. Kf1 f6 20. Rxe8 Rxe8 $11 {[%mdl 4096] Endgame KRN-KRN} 21. Re1 Kf7 (21... Rxe1+ {is more complex.} 22. Kxe1 h5 23. Nb3 Kf7 24. Nc5 Nd6) 22. Rxe8 Kxe8 {KN-KN} 23. Ke2 Nd6 24. g4 Ke7 25. Ke3 Ke6 26. h4 h6 27. f3 b6 28. Kd3 f5 29. Ke3 g5 30. hxg5 hxg5 31. Kd3 {Not much happened in this game. Accuracy: White = 100%, Black = 100%.} 1/2-1/2

[Event "CZE-ch 2020"]
[Site "Pilsen"]
[Date "2020.08.31"]
[Round "9.3"]
[White "Babula, Vlastimil"]
[Black "Laznicka, Viktor"]
[Result "0-1"]
[WhiteElo "2571"]
[BlackElo "2638"]
[Annotator "TA"]
[PlyCount "60"]
[EventDate "2020.08.23"]
[EventType "swiss"]
[EventCountry "CZE"]
[SourceTitle "playchess.com"]
[Source "ChessBase"]
[SourceQuality "1"]

{[%evp 16,60,27,7,22,0,24,0,0,0,81,61,69,66,59,55,67,58,57,56,53,55,43,16,32,31,66,-23,-21,-4,-4,-97,37,29,44,-34,-29,-183,-183,-180,-173,-291,-277,-417,-454,-436,-435]} 1. d4 f5 2. g3 Nf6 3. Bg2 g6 4. b3 Bg7 5. Bb2 d6 6. Nf3 O-O 7. O-O c6 8. Nbd2 a5 9. c4 Na6 {A87: Dutch Defence: Leningrad System: 5 Nf3.} 10. Qc2 Qc7 11. a3 Re8 {The position is equal.} 12. c5 {[#]} Kh8 $146 (12... dxc5 $11 {remains equal.} 13. dxc5 e5) ({Predecessor:} 12... Ne4 13. Nxe4 fxe4 14. Qxe4 dxc5 15. Qc2 cxd4 16. Bxd4 e5 17. Bb2 Qb6 18. b4 axb4 {½-½ (40) Gallo Ponce,E (2243)-Rodriguez Vila,A (2481) Santos 2011}) 13. Rfe1 d5 14. Ne5 Nd7 {[%cal Rd7e5]} 15. Nxd7 Bxd7 16. Nf3 b6 17. cxb6 Qxb6 18. Rab1 f4 19. Ne5 Bf5 $1 {[%cal Rf5c2]} 20. Nd3 Qb5 21. e4 (21. Rbc1 $14) 21... fxe3 $1 $11 22. Rxe3 Rab8 23. Bf1 (23. Ba1 $11 {keeps the balance.}) 23... c5 (23... Qxb3 $17 24. Qxc6 Qb5 25. Qxb5 Rxb5) 24. dxc5 $14 {Strongly threatening Bxg7+.} d4 25. Rf3 (25. g4 $14 Qxc5 26. Qxc5 Nxc5 27. gxf5 dxe3 28. Nxc5) 25... Qxb3 $15 26. Rc1 $2 {This move loses the game for White.} (26. Qxb3 $11 Rxb3 {[#]} 27. Rxf5 $1 {[%mdl 512]} gxf5 28. Nc1 Nxc5 29. Nxb3 Nxb3 30. a4) 26... Qxc2 $19 27. Rxc2 e5 $36 {[%mdl 2048] aiming for ...e4. Black is on the roll.} 28. Rxf5 (28. g4 $142 Bxd3 29. Rxd3) 28... gxf5 29. Nxe5 (29. Bc1 $142 e4 30. Nf4) 29... Rxe5 30. Bxa6 {[#]} d3 $1 {[%mdl 512] Accuracy: White = 39%, Black = 76%.} 0-1

[Event "CZE-ch 2020"]
[Site "Pilsen"]
[Date "2020.08.31"]
[Round "9.4"]
[White "Havelka, Josef"]
[Black "Stocek, Jiri"]
[Result "1/2-1/2"]
[WhiteElo "2367"]
[BlackElo "2595"]
[Annotator "TA"]
[PlyCount "97"]
[EventDate "2020.08.23"]
[EventType "swiss"]
[EventCountry "CZE"]
[SourceTitle "playchess.com"]
[Source "ChessBase"]
[SourceQuality "1"]

{[%evp 11,97,27,37,27,58,7,15,6,18,7,19,27,36,22,29,23,51,27,34,16,33,39,48,37,54,44,15,30,52,48,48,59,60,44,66,63,77,54,87,64,67,33,58,63,110,87,91,95,100,33,30,11,48,53,50,-36,39,0,0,-34,-32,-60,-51,-52,-14,-9,-14,-1,-14,-18,80,21,44,37,101,41,40,18,11,0,0,0,0,0,0,0,0,-177]} 1. e4 e5 2. Nf3 Nc6 3. Bb5 a6 4. Ba4 g6 5. O-O Bg7 6. c3 d6 {6...b5 injects fresh life into this line.} 7. d4 {C60: Ruy Lopez: Unusual Black 3rd moves and 3...g6.} b5 8. Bc2 (8. Bb3 $14) 8... exd4 $11 9. Nxd4 Bb7 {[#]} 10. Nxc6 $146 ({Predecessor:} 10. a4 Nge7 11. Be3 b4 12. a5 O-O 13. Ra4 bxc3 14. Nxc3 Rb8 15. h3 Ba8 16. Bd3 {½-½ (23) Handke,F (2525)-Van Kampen,R (2646) Germany 2018}) 10... Bxc6 11. Re1 Ne7 12. Nd2 O-O 13. Nb3 Rb8 14. Be3 Ba8 15. Qd2 Re8 16. Ba7 Rc8 17. Bd4 f6 18. f4 c5 19. Bf2 Qc7 20. Rad1 Rcd8 21. Qe3 a5 {[%cal Ba6a5,Ba5a4][%mdl 32]} 22. Qh3 a4 $1 {[%cal Ra4b3]} 23. Nd2 $1 Nc6 24. a3 Bb7 25. Qg3 Kh8 26. h4 Qf7 27. Qd3 Na7 28. Nf3 Bh6 29. Bg3 $1 Bc6 30. Nh2 (30. h5 $16) 30... Bf8 $14 31. Ng4 {[%cal Bh2g4,Bg4f2,Bf2e4][%mdl 32]} h5 32. Nf2 Nc8 33. f5 (33. e5 $14 f5 34. Qe2) 33... gxf5 ({Black should try} 33... Nb6 $1 $15) 34. exf5 Bh6 35. Ne4 Rg8 $1 36. Bf2 $1 Rg4 37. g3 $1 Bf4 38. Kf1 $1 c4 39. Qf3 $132 {[%mdl 2048] White puts up resistance} Be5 ({Wrong is} 39... Bxg3 $2 40. Bxg3 Qh7 41. Bf2 $18) 40. Ng5 Qe8 {[#]} (40... Qb7 $11 41. Be4 Bxe4 42. Nxe4 Rf8) 41. Be4 (41. Rxe5 $1 $16 fxe5 42. Qe3) 41... Bxe4 $11 42. Nxe4 Qe7 {[#]} ({Black should play} 42... Qc6 $14) 43. Bd4 (43. Kg2 $1 $16) 43... Bxd4 $14 44. Rxd4 Re8 $1 {The position is equal.} 45. Rdd1 {And now Nxf6! would win.} Rxe4 46. Rxe4 Qxe4 47. Qxh5+ Kg7 48. Qg6+ $1 Kf8 $2 (48... Kh8 $11 49. Qxf6+ Kh7 50. Qf7+ Kh8 51. Qh5+ Kg8 52. Qg6+ Kh8 53. Qh5+ Kg8 54. Qg6+ Kh8 55. Qh5+) 49. Qxf6+ {Accuracy: White = 78%, Black = 75%.} 1/2-1/2

[Event "CZE-ch 2020"]
[Site "Pilsen"]
[Date "2020.08.31"]
[Round "9.6"]
[White "Simacek, Pavel"]
[Black "Sorm, Daniel"]
[Result "0-1"]
[WhiteElo "2474"]
[BlackElo "2343"]
[Annotator "TA"]
[PlyCount "90"]
[EventDate "2020.08.23"]
[EventType "swiss"]
[EventCountry "CZE"]
[SourceTitle "playchess.com"]
[Source "ChessBase"]
[SourceQuality "1"]

{[%evp 9,90,77,75,20,18,-8,23,25,21,35,29,-39,-2,0,-4,0,27,8,16,-43,-52,-56,-47,-35,-11,-38,-29,-24,-6,-8,-7,-4,-4,-7,0,-13,-13,-20,-13,-89,-64,-143,-142,-375,-380,-380,-379,-377,-377,-372,-376,-464,-360,-371,-352,-368,-366,-372,-344,-380,-345,-347,-350,-410,-322,-429,-422,-416,-372,-481,-481,-481,-481,-474,-474,-579,-474,-474,-469,-467,-457,-441,-441]} 1. d4 d5 2. c4 dxc4 3. e4 b5 4. a4 c6 5. axb5 cxb5 6. b3 {D20: Queen's Gambit Accepted: 3 e3 and 3 e4.} (6. Nc3 $16) 6... e5 $11 7. Nf3 Nf6 8. bxc4 {White has an edge.} Nxe4 {[#]} 9. Bd3 $146 ({Predecessor:} 9. c5 exd4 10. Bxb5+ Bd7 11. Qe2 Bxb5 12. Qxb5+ Qd7 13. Qe2 f5 14. Ne5 Qd5 15. Qb5+ {½-½ (37) Dimitrov,R (2489)-Ivanov,J (2343) Primorsko 2016}) 9... Bb4+ 10. Nbd2 (10. Bd2 $11 Nxd2 11. Nbxd2) 10... Nc5 11. Bb1 exd4 {Threatens to win with ...Bc3.} 12. O-O O-O 13. cxb5 Bb7 14. Qc2 (14. Bb2 $11) 14... d3 $1 $15 {[%cal Rd3c2]} 15. Qc4 a5 16. Ba3 Qd5 17. Rc1 {Strongly threatening Qxd5.} Nbd7 18. Bxb4 Qxc4 19. Rxc4 axb4 20. Rxa8 Rxa8 21. Rxb4 Ra3 22. Kf1 Kf8 23. Ke1 Bd5 $36 {[%mdl 2048] Black has some pressure.} 24. Kd1 (24. Nc4 $11 {keeps the balance.} Bxc4 25. Rxc4) 24... Rc3 25. Ne1 (25. Nd4 $1 $15) 25... Nb6 $17 26. Rd4 $2 {[#] This costs White the game.} (26. g4 $17) 26... Bb3+ $1 $19 27. Nxb3 Nxb3 {[%csl Gb3][%cal Rc3c1]} 28. Rxd3 Rc1+ {[%mdl 64] Double Attack} 29. Ke2 Rxb1 30. Rd6 Nc4 31. Rd5 Nba5 32. Nd3 Ke7 33. g4 f6 34. f4 Ke6 35. Rc5 Kd6 36. h4 Nb2 {And now ...Nxd3 would win.} 37. Rh5 Nxd3 38. Kxd3 {[%mdl 4096] Endgame [#] KRN-KR} h6 $1 39. g5 hxg5 {Black is clearly winning.} 40. hxg5 {If only White now had time for Rh7....} Rxb5 41. Rh7 Rb7 42. Ke4 {Now Kf5 and White clings on.} Ke6 43. f5+ Kd6 44. Kf4 Kd5 45. Kg4 Ke5 {Accuracy: White = 53%, Black = 77%.} 0-1

[Event "CZE-ch 2020"]
[Site "Pilsen"]
[Date "2020.08.31"]
[Round "9.7"]
[White "Finek, Vaclav"]
[Black "Mica, Marek"]
[Result "1/2-1/2"]
[WhiteElo "2344"]
[BlackElo "2315"]
[Annotator "TA"]
[PlyCount "103"]
[EventDate "2020.08.23"]
[EventType "swiss"]
[EventCountry "CZE"]
[SourceTitle "playchess.com"]
[Source "ChessBase"]
[SourceQuality "1"]

{[%evp 10,103,36,26,29,16,42,43,73,80,87,81,66,43,87,44,52,16,82,33,43,27,28,16,20,16,27,14,23,25,29,12,15,21,19,0,16,4,21,-43,-45,-45,-48,-116,-98,-291,-283,-306,-283,-278,-154,-184,-96,-96,-96,-96,-96,-96,-96,-96,-96,-87,-36,-36,-36,-36,-36,-36,-36,-36,-36,-36,-36,-36,-36,-36,-36,-36,-36,-36,-36,-37,-8,-8,-8,-8,-8,-8,-8,-8,0,-8,0,0,0,0]} 1. Nf3 Nf6 2. c4 e6 3. d4 b6 4. g3 Bb7 5. Bg2 g6 6. O-O Bg7 {E16: Queen's Indian: 4 g3 Bb7 5 Bg2 Bb4+.} 7. Qc2 Be4 8. Qb3 {[#]} c6 $146 {White is slightly better.} ({Predecessor:} 8... Nc6 9. Qd1 Ne7 10. Nc3 Bb7 11. Qc2 d5 12. Ne5 O-O 13. Rd1 Qc8 14. Bg5 Rd8 {0-1 (47) Postny,E (2586)-Gabuzyan,H (2556) Rockville 2018}) 9. Nc3 O-O 10. Nxe4 Nxe4 11. Ne5 d5 12. cxd5 cxd5 13. Be3 Nc5 (13... Nd6 $11 {remains equal.}) 14. Qa3 Ncd7 15. f4 Nxe5 16. fxe5 Nc6 17. Qd3 Rc8 18. Rac1 Qd7 19. Bg5 Nb4 20. Qb3 Rxc1 21. Rxc1 Nc6 {[%cal Bb4c6,Bc6e7,Be7f5][%mdl 32]} 22. Qe3 Rc8 23. h4 Ne7 24. Rf1 (24. Rxc8+ $11 Nxc8 25. a3) 24... Nf5 $36 {[%mdl 2048] Black has good play.} 25. Qf2 $1 {White wants to play g4.} h5 {Hoping for ...Rc2.} 26. Bh3 (26. e3 $15) 26... Qa4 27. e3 $2 {[#]} (27. Be3 $17 {was called for.}) 27... Rc2 $19 ({Not} 27... Qxa2 28. g4 $17) 28. Qf3 {[%cal Rh3f5]} Rxb2 ({Don't play} 28... Qxa2 29. g4 $17) 29. g4 Qc2 (29... hxg4 $19 30. Bxg4 Rxa2) 30. Rf2 $17 {[#]} Qxf2+ ({Don't take} 30... Qc1+ 31. Kh2 $17) ({Black should play} 30... Qb1+ $1 $19 31. Rf1 hxg4 32. Bxg4 Qxa2) 31. Qxf2 Rxf2 32. Kxf2 hxg4 33. Bxg4 $19 {[%mdl 4096] Endgame KBB-KBN} Kh7 34. a4 Bh6 35. Be2 Bxg5 ({Black should try} 35... Kh8 $17) 36. hxg5 $17 {KB-KN} Kg7 37. Bb5 Kf8 38. Kf3 Ke7 39. Kf2 Kd8 40. Kf3 Ng7 41. Ke2 Kc7 42. Ba6 Nf5 {aiming for ...Ng3+.} 43. Kf2 Ne7 44. Ke2 Nc6 45. Kd2 Nb8 46. Bb5 {The position is equal.} Kd8 47. e4 a6 48. Be2 dxe4 49. Ke3 Kc7 50. Kxe4 Kc6 51. Bc4 Kd7 52. Be2 {White happily takes the draw. Accuracy: White = 80%, Black = 76%.} 1/2-1/2

[Event "CZE-ch 2020"]
[Site "Pilsen"]
[Date "2020.08.31"]
[Round "9.8"]
[White "Kozusek, Daniel"]
[Black "Brejnik, Gustav"]
[Result "1-0"]
[WhiteElo "2307"]
[BlackElo "2265"]
[Annotator "TA"]
[PlyCount "93"]
[EventDate "2020.08.23"]
[EventType "swiss"]
[EventCountry "CZE"]
[SourceTitle "playchess.com"]
[Source "ChessBase"]
[SourceQuality "1"]

{[%evp 15,93,15,11,0,9,11,11,10,16,18,14,21,46,-100,46,39,82,82,75,72,76,73,72,71,85,77,77,77,95,91,89,72,179,179,170,172,283,129,127,110,112,70,253,247,316,299,336,328,305,305,12839,12839,12840,12841,12841,12841,12842,12842,12842,12843,12844,12844,12845,12845,12845,12846,12846,12847,12849,12849,12850,12848,12851,27999,12851,27999,12851,27999,12851,27999]} 1. c4 c6 2. Nc3 d5 3. d4 Nf6 4. cxd5 cxd5 5. Bf4 Nc6 6. e3 a6 7. Rc1 Bf5 8. Nf3 Rc8 9. Ne5 {D13: Slav Defence: Exchange variation without ...Bf5.} Nxe5 10. dxe5 Ne4 11. Bd3 {The position is equal.} Nxc3 12. Bxf5 Nxd1 13. Rxc8 Nxb2 14. Rxd8+ Kxd8 15. e6 fxe6 16. Bxe6 {Ke2 is the strong threat.} Nd3+ {[#]} 17. Ke2 $1 {[%mdl 512]} Nxf4+ 18. exf4 $16 {[%mdl 4096] Endgame Rc1 would kill now. KRB-KRB} Kc7 19. Bxd5 e6 20. Rc1+ Kb8 21. Bxe6 {[#] And now Rc8+ would win.} Ba3 $146 ({Predecessor:} 21... Bd6 22. Kf3 Re8 23. f5 Rd8 24. Rd1 Be7 25. Rxd8+ Bxd8 26. Kg4 Kc7 27. Bg8 h6 {1-0 (39) Gavrilov,A (2489)-Vakhlamov,I (2331) Moscow 2014}) 22. Rc3 Bb2 23. Rb3 (23. Rc2 {with more complications.} Bf6 24. f5 h5 25. g3 b5 26. f4) 23... Re8 (23... Bf6 $16) 24. Rxb2 $18 {Black must now prevent f5.} Rxe6+ {KR-KR} 25. Kf3 Kc7 {[#]} (25... Rf6 $142 26. Re2 Rf7) 26. f5 (26. Re2 $1 $18 {[%cal Re2e6]} Rxe2 27. Kxe2) 26... Rc6 27. Rd2 b5 28. Ke4 Rc5 $2 {Loses the game.} (28... a5 $14) 29. h3 b4 30. g4 a5 {[#]} 31. g5 $1 g6 32. f6 Rxg5 $2 (32... a4 33. f4 b3 34. axb3 axb3) 33. Rd5 Rxd5 34. Kxd5 {KP-KP} Kd7 35. Kc5 Ke6 36. Kb5 h5 37. Kxa5 g5 38. Kxb4 h4 39. f3 Kxf6 {K3P-KPP} 40. a4 Ke5 41. a5 {Threatening mate with a6.} Kf4 42. a6 {White wants to mate with a7.} Kg3 43. a7 Kxh3 44. a8=Q {White threatens Qg8 and mate.} Kg3 45. Qe4 h3 46. Qg4+ {[%mdl 64] Double Attack} Kh2 47. Kc3 {Accuracy: White = 86%, Black = 61%.} 1-0